000 00730nam a2200241Ia 4500
003 OSt
005 20220923225111.0
006 a|||||r|||| 00| 0
007 ta
008 220922b |||||||| |||| 00| 0 san d
024 _a257,295
037 _cTextual
040 _aARTS
_cARTS
_bsan
041 _2san
_asan
082 _aR631x2,S:g, 152K7
100 _aभट्टाचार्य
245 0 _aतत्त्व कौमुदी सहित सांख्यकारिका
246 _aTattva kaumudī sahit sāankhyakārikā
260 _c1967
300 _a402पृ.
_ccm.
942 _hR631x2,S:g, 152K7
_cTEXL
_2CC
999 _c376044
_d376044